មានរួចហើយ / (Record no. 8853)
[ view plain ]
| 000 -LEADER | |
|---|---|
| fixed length control field | 01285nam a22002897a 4500 |
| 001 - CONTROL NUMBER | |
| control field | 8853 |
| 003 - CONTROL NUMBER IDENTIFIER | |
| control field | FISKH |
| 005 - DATE AND TIME OF LATEST TRANSACTION | |
| control field | 20251023111728.0 |
| 008 - FIXED-LENGTH DATA ELEMENTS--GENERAL INFORMATION | |
| fixed length control field | 251023b cb ||||| |||| 00| 0 eng d |
| 040 ## - CATALOGING SOURCE | |
| Original cataloging agency | FISKH |
| Language of cataloging | khr |
| Transcribing agency | FISKH |
| Modifying agency | FISKH |
| 082 ## - DEWEY DECIMAL CLASSIFICATION NUMBER | |
| Classification number | 895.922 |
| 100 ## - MAIN ENTRY--PERSONAL NAME | |
| Personal name | Cheh, Komar Rien Komar |
| 245 ## - TITLE STATEMENT | |
| Title | មានរួចហើយ / |
| Statement of responsibility, etc. | អ្នកនិពន្ធ Komar Rien Komar Cheh , វិចិត្រករ Houy Heang |
| 260 ## - PUBLICATION, DISTRIBUTION, ETC. | |
| Place of publication, distribution, etc. | ភ្នំពេញ : |
| Name of publisher, distributor, etc. | ក្រសួងអប់រំ យុវជន និង កីឡា , |
| Date of publication, distribution, etc. | 2020 . |
| 300 ## - PHYSICAL DESCRIPTION | |
| Extent | 7 pages : |
| Other physical details | color illustrations ; |
| Dimensions | 30 cm . |
| 490 ## - SERIES STATEMENT | |
| Series statement | Let's Read |
| 505 ## - FORMATTED CONTENTS NOTE | |
| Formatted contents note | F <br/> |
| 520 ## - SUMMARY, ETC. | |
| Summary, etc. | បងស្រីទាំងពីររបស់សុជាតា សួរថាតើនាងមានបូចងសក់ សំពត់រ៉ូប និងកាតាបដែរទេ ? |
| 520 ## - SUMMARY, ETC. | |
| Summary, etc. | Socheata's two sister asked her if she had a hair tie, dress and bag ? |
| 521 8# - TARGET AUDIENCE NOTE | |
| Target audience note | 300 <br/> |
| Source | Lexile estimate <br/> |
| 521 8# - TARGET AUDIENCE NOTE | |
| Target audience note | F <br/> |
| Source | Raz-Plus <br/> |
| 650 ## - SUBJECT ADDED ENTRY--TOPICAL TERM | |
| Topical term or geographic name entry element | មានរួចហើយ |
| Form subdivision | រឿងនិទានកុមារ |
| 650 ## - SUBJECT ADDED ENTRY--TOPICAL TERM | |
| Topical term or geographic name entry element | Already have them |
| Form subdivision | Children's Stories |
| 700 ## - ADDED ENTRY--PERSONAL NAME | |
| Personal name | Heang, Houy |
| Relator term | Illustrator |
| 942 ## - ADDED ENTRY ELEMENTS (KOHA) | |
| Source of classification or shelving scheme | Dewey Decimal Classification |
| Koha item type | Khmer Books |
| Suppress in OPAC | No |
| Withdrawn status | Lost status | Source of classification or shelving scheme | Damaged status | Not for loan | Collection | Home library | Current library | Shelving location | Date acquired | Total Checkouts | Full call number | Barcode | Date last seen | Price effective from | Koha item type |
|---|---|---|---|---|---|---|---|---|---|---|---|---|---|---|---|
| Dewey Decimal Classification | Khmer Language Books / សៀវភៅភាសាខ្មែរ | Footprints International School Library Network Toul Tom Poung Campus | Footprints International School Library Network Toul Tom Poung Campus | TTP Primary Khmer Bookshelves | 10/23/2025 | CHE 895.922 | 2025-4716 | 10/23/2025 | 10/23/2025 | Khmer Books |
